000 00578cam a22002414a 4500
005 20250605164305.0
008 250528s ||||||||||||||||||||||||d
035 _a22234
020 _a9781856178181
040 _aGR-AtMCL
_bgre
_dGR-AtMCL
_eAACR2
245 1 _aEVENTS MANAGEMENT
250 _a3
260 _bRouledge,
_c2012
300 _a739
700 1 _aAllen Johnny
_96940
700 1 _aBowdin Glenn
_96941
700 1 _aHarris Rob
_98106
700 1 _aMcdonnel Ian
_96943
700 1 _aO'Tolle William
_96944
942 _cBK
999 _c7290
_d7290